00585nam a2200169 i 450000100060000000300090000600500170001500700030003200800410003510000360007624500670011226000350017930000300021485200320024499900170027695201220029360797ES-MaACL20230906164316.0t|031106s1971 sp ||||1| spa d1 aEstrada, María José.94820410aWhisky para tres b: (narraciones) / cMaría José Estrada. aBarcelona : bLinosa, c[1971] a221 p. : bil. ; c19 cm. aES-MaACLjC-49095 bR.80289 c60797d60797 00104070aATENEOMbATENEOMcDEPO2d2008-01-17eSCl0oC-49095p1063760r2023-02-23 00:00:00w2023-02-23yMONOGRAFIA